000 00919cam a22002531a 4500
001 000019070
005 20200929165920.0
008 900717s1967 enkac b 001 0 eng
040 _aDO-SdBNP
_cNPlaU
_dUk
_dDLC
_dBNPHU
082 _a932.01
_bH392p
100 1 _aHawkes, Jacquetta,
_d1910-1996.
_941028
245 1 0 _aPharaohs of Egypt /
_cJacquetta Hawkes ; edición Horizon magazine ; colaboración Bernard V. Bothmer.
260 _aLondon :
_bCassell,
_c1967.
300 _a153 p. :
_bil. retrs. ;
_c27 cm.
490 1 _aA Cassell caravel book ;
_v18
500 _aIncluye índice.
504 _aIncluye bibliografía p.(149).
651 4 _aEgipto
_xHistoria
_y332 A.C.
_941029
650 4 _aFaraones
_xLiteratura juvenil
_941030
700 1 _aBothmer, Bernard V.,
_ecol.
_941031
730 1 _aHorizon (New York, N.Y.)
_941032
830 0 _aA Cassell caravel book ;
_n18
_941033
910 _aCatalogación derivada / LC
999 _c18588
_d18588